| 000 | 00670nam a2200229Ia 4500 | ||
|---|---|---|---|
| 001 | 16025 | ||
| 003 | GE_BSU | ||
| 008 | 181216s||||||||xx |||||||||||||| ||und|| | ||
| 040 | _cGE_BSU | ||
| 080 | _a821.353.1-32 | ||
| 100 | _aჯიჯიეშვილი, ჯ. | ||
| 245 | _aთეთრი ფოლადი | ||
| 245 | _bმოთხრობა | ||
| 245 | _cრედ.შ.ზოიძე. მხ.ა.ლომაძე | ||
| 260 | _aბათუმი | ||
| 260 | _bსაბჭ. აჭარა | ||
| 260 | _c1975 | ||
| 300 | _a135გვ. ; 16სმ | ||
| 653 | _aთეთრი ფოლადი | ||
| 653 | _aმოთხრობა | ||
| 942 | _cBK | ||
| 999 |
_c49116 _d49116 |
||